MARC details
| 000 -LEADER |
| fixed length control field |
00889nam a22002177a 4500 |
| 003 - CONTROL NUMBER IDENTIFIER |
| control field |
OSt |
| 005 - DATE AND TIME OF LATEST TRANSACTION |
| control field |
20250826030620.0 |
| 008 - FIXED-LENGTH DATA ELEMENTS--GENERAL INFORMATION |
| fixed length control field |
250826b |||||||| |||| 00| 0 eng d |
| 020 ## - INTERNATIONAL STANDARD BOOK NUMBER |
| International Standard Book Number |
971-679-072-4 |
| 040 ## - CATALOGING SOURCE |
| Transcribing agency |
OC |
| 082 ## - DEWEY DECIMAL CLASSIFICATION NUMBER |
| Classification number |
Fil. 363.909599 T564 2004 |
| 245 ## - TITLE STATEMENT |
| Title |
The ties that bind : |
| Remainder of title |
population and development in the Philippines Luningning Achacoso-Sevilla, general editor |
| 260 ## - PUBLICATION, DISTRIBUTION, ETC. |
| Place of publication, distribution, etc. |
Makati City, Philippines : |
| Name of publisher, distributor, etc. |
AIM Policy Center, Asian Institute of Management, |
| Date of publication, distribution, etc. |
c2004. |
| 300 ## - PHYSICAL DESCRIPTION |
| Extent |
xxii, 191 pages : |
| Other physical details |
black & white illustration ; |
| Dimensions |
23 cm. |
| 504 ## - BIBLIOGRAPHY, ETC. NOTE |
| Bibliography, etc. note |
Include index. |
| 650 ## - SUBJECT ADDED ENTRY--TOPICAL TERM |
| Source of heading or term |
Economic development projects--Philippines. |
| 650 ## - SUBJECT ADDED ENTRY--TOPICAL TERM |
| Source of heading or term |
Phils.--Population. |
| 650 ## - SUBJECT ADDED ENTRY--TOPICAL TERM |
| Source of heading or term |
Phils.--Population policy. |
| 650 ## - SUBJECT ADDED ENTRY--TOPICAL TERM |
| Source of heading or term |
Phils.--Economic conditions, 1986- |
| 942 ## - ADDED ENTRY ELEMENTS (KOHA) |
| Source of classification or shelving scheme |
Dewey Decimal Classification |
| Koha item type |
Book-Filipiniana |
| Edition |
2nd edition |
| Classification part |
Fil. 363.909599 T564 2004 |
| Call number prefix |
Fil. |
| Suppress in OPAC |
No |
| 952 ## - LOCATION AND ITEM INFORMATION (KOHA) |
| -- |
|
| 952 ## - LOCATION AND ITEM INFORMATION (KOHA) |
| -- |
|
| 952 ## - LOCATION AND ITEM INFORMATION (KOHA) |
| -- |
|
| 952 ## - LOCATION AND ITEM INFORMATION (KOHA) |
| -- |
|
| 952 ## - LOCATION AND ITEM INFORMATION (KOHA) |
| -- |
|
| 952 ## - LOCATION AND ITEM INFORMATION (KOHA) |
| -- |
|
| 952 ## - LOCATION AND ITEM INFORMATION (KOHA) |
| -- |
|
| 952 ## - LOCATION AND ITEM INFORMATION (KOHA) |
| -- |
|
| 952 ## - LOCATION AND ITEM INFORMATION (KOHA) |
| -- |
|
| 952 ## - LOCATION AND ITEM INFORMATION (KOHA) |
| -- |
|
| 952 ## - LOCATION AND ITEM INFORMATION (KOHA) |
| -- |
|
| 952 ## - LOCATION AND ITEM INFORMATION (KOHA) |
| -- |
|